| 000 | 01004nam a2200301Ia 4500 | ||
|---|---|---|---|
| 001 | Z_2180 | ||
| 003 | CHAP | ||
| 008 | 220113s1994 xx 000 0 und d | ||
| 010 | _a165236 | ||
| 040 | _cCHAP | ||
| 090 | _aTesis Z 985 | ||
| 100 |
_aZambrano Miranda, Francisco Merced _9123492 |
||
| 245 |
_aEvaluación biológica y económica de niveles de restricción de alimento en pollos de engorda durante la etapa de iniciación / _cpor Francisco Merced Zambrano Miranda y Gustavo Zilli Cessa |
||
| 260 |
_aChapingo, Méx. : _bEl autor, _c1994 |
||
| 300 | _a68 h. | ||
| 502 | _aTesis (Ing. Agr. Esp. en Zootecnia) -- UACH. Departamento de Zootecnia | ||
| 650 |
_aAves de corral _xAlimentación _98638 |
||
| 650 |
_aAves de corral _xEngorda _98647 |
||
| 650 |
_aAvicultura _xAspectos económicos _98707 |
||
| 650 |
_aHidropsía _955281 |
||
| 700 |
_aZilli Cessa, Gustavo _9124024 |
||
| 901 | _aTESIS Z 985 | ||
| 902 | _aM | ||
| 910 | _a1994 | ||
| 942 | _c2 | ||
| 942 | _c2 | ||
| 999 |
_c165236 _d165236 |
||